000 01709nam a2200505 i 4500
001 16208
003 KOSZ 005
005 20191024131115.0
008 040405s1971 pl a f f |000 0 pol
015 _aPB 1975/7865
035 _a991023004289705066
035 _a(PL-WaBN)b16202843-48omnis_nlop
035 _ab16202843
035 _a(OCoLC)749233949
035 _a(PL)b0000001620284
035 _a(EXLNZ-48OMNIS_NETWORK)9910336029105606
040 _aWA N
_cWA N
_dKOSZ 005/EG
041 1 _apol
_hger
046 _k1971
080 _a547
080 _a542
080 _a(075.8)
245 1 0 _aPreparatyka organiczna /
_ctł. zbiorowe z niem. pod red. Bolesława Bochwica ; [tł. B. Bochwic et al.].
246 1 _iTyt. oryg.:
_aOrganikum :
_bOrganisch-chemisches Grundpraktikum,
_f1967
260 _aWarszawa :
_bPańst. Wydaw. Naukowe,
_c1971.
300 _a738, [1] s. :
_bil., tab., wykr., err. ;
_c24 cm.
336 _2rdacontent
_aTekst
_btxt
337 _2rdamedia
_aBez urządzenia pośredniczącego
_bn
338 _2rdacarrier
_aWolumin
_bnc
380 _aKsiążki
380 _aPublikacje dydaktyczne
385 _mPoziom nauczania
_aSzkoły wyższe
388 _a1901-2000
388 _a1945-1989
504 _aBibliogr.
650 7 _aChemia organiczna
_2DBN
650 7 _aPreparatyka chemiczna
_2DBN
655 7 _aPodręczniki akademickie
_2DBN
658 _aChemia
700 1 _aBochwic, Bolesław
_d(1907-1995)
_eRedakcja
710 2 _aPaństwowe Wydawnictwo Naukowe
856 _uhttp://koha.tu.koszalin.pl/cgi-bin/koha/opac-detail.pl?biblionumber=16208
_yKatalog online BPK
942 _2UKD
_cKS
999 _c16208
_d16208